[Event "DVM U16 2012"]
[Site "Naumburg (Saale) GER"]
[Date "2012.12.29"]
[Round "5"]
[White "Hinrichs, Lars"]
[Black "Xu, Xianliang"]
[Result "1/2-1/2"]
[Termination "normal"]
[Board "1.1"]
[WhiteElo "1947"]
[BlackElo "2055"]
[WhiteTeam "Hamburger SK von 1830"]
[BlackTeam "SG Porz"]
[WhiteFideId "12921769"]
[BlackFideId "4603230"]
[EventCountry "GER"]
[EventRounds "7"]
[EventType "team-swiss"]
[EventDate "2012.12.26"]

1. c4 e5 2. g3 Nf6 3. Bg2 d5 4. cxd5 Nxd5 5. Nc3 Nb6 6. Nf3 Nc6 7. d3 Be7 8.
O-O O-O 9. Nd2 Be6 10. b3 Nd5 11. Bb2 Nxc3 12. Bxc3 Bd5 13. Nc4 Bxg2 14. Kxg2
Bd6 15. Qc2 Re8 16. Qb2 Qe7 17. a3 Bc5 18. Nxe5 Nxe5 19. d4 Bd6 20. dxe5 Bxe5
21. Bxe5 Qxe5 22. Qxe5 Rxe5 23. e3 Rd5 24. Rfd1 Rad8 25. Rxd5 Rxd5 26. Rc1 c6
27. Rc3 Kf8 28. e4 Rd7 29. Kf3 Ke7 30. Ke3 Ke6 31. f4 f6 32. h4 Rd1 33. Ke2 Rd4
34. Ke3 Rd1 35. Ke2 Rd7 36. Ke3 Rd1 1/2-1/2

[Event "DVM U16 2012"]
[Site "Naumburg (Saale) GER"]
[Date "2012.12.29"]
[Round "5"]
[White "Eigemann, Frederik"]
[Black "Grötzbach, Daniel"]
[Result "1-0"]
[Termination "normal"]
[Board "1.2"]
[WhiteElo "2011"]
[BlackElo "1899"]
[WhiteTeam "SG Porz"]
[BlackTeam "Hamburger SK von 1830"]
[WhiteFideId "24692034"]
[BlackFideId "24692166"]
[EventCountry "GER"]
[EventRounds "7"]
[EventType "team-swiss"]
[EventDate "2012.12.26"]

1. d4  d5 2. c4 c6 3. Nf3 Nf6 4. Nbd2 Bf5 5. Nh4 Be4 6. f3 Bg6 7. Qb3 Qc7 8. g4
e6 9. g5 Nfd7 10. e4 Nb6 11. Be2 Be7 12. Qe3 Na6 13. c5 Nd7 14. Bxa6 bxa6 15.
Nb3 Rb8 16. Bd2 Rb5 17. Rc1 a5 18. Bc3 Nb8 19. Nd2 Na6 20. a3 Nb4 21. Nb1 Na2
22. Rc2 Nxc3 23. Nxc3 Rb3 24. O-O Kd7 25. Rff2 Rhb8 26. Rce2 Qd8 27. Rg2 R8b7
28. Qf4 Bh5 29. Rc2 Rc7 30. Qe5 Bg6 31. Nxg6 hxg6 32. exd5 exd5 33. Qxg7 Bxg5
34. Qxf7+ Kc8 35. Qe6+ Kb8 36. h4 Bxh4 37. Rxg6 Kb7 38. Rcg2 Qh8 39. Qe5 Qf8
40. Rg7 Bd8 41. Nxd5 Qxf3 42. Rxc7+ Bxc7 43. Qxc7+ Ka6 44. Qxc6+ Rb6 45. Nc7#
1-0

[Event "DVM U16 2012"]
[Site "Naumburg (Saale) GER"]
[Date "2012.12.29"]
[Round "5"]
[White "Sander, Jean Louis"]
[Black "Padva, Leo"]
[Result "1-0"]
[Termination "normal"]
[Board "1.3"]
[WhiteElo "1800"]
[BlackElo "1750"]
[WhiteTeam "Hamburger SK von 1830"]
[BlackTeam "SG Porz"]
[WhiteFideId "12903280"]
[BlackFideId "12964379"]
[EventCountry "GER"]
[EventRounds "7"]
[EventType "team-swiss"]
[EventDate "2012.12.26"]

1. e4 c6 2. d4 d5 3. Nc3 dxe4 4. Nxe4 Bf5 5. Ng3 Bg6 6. h4 h5 7. Nf3 Nf6 8. Bd3
Bxd3 9. Qxd3 Qa5+ 10. Bd2 Qa6 11. Qxa6 Nxa6 12. O-O-O e6 13. Rhe1 Bd6 14. Nf5
O-O-O 15. Nxd6+ Rxd6 16. Bf4 Rdd8 17. Ne5 Rhf8 18. Nc4 Ne8 19. Bg5 f6 20. Bf4
Nac7 21. Bg3 Rf7 22. Na5 Rfd7 23. Nb3 Nd6 24. Nc5 Re7 25. f3 b6 26. Ne4 Nxe4
27. fxe4 Nb5 28. c3 Nd6 29. Rd3 Nf7 30. Kc2 Nh6 31. Bf4 Ng4 32. e5 Ree8 33. c4
Rd7 34. Kc3 f5 35. Re2 Kc7 36. Red2 Red8 37. Bg5 Rc8 38. Bf4 Rcd8 39. b4 Kb7
40. a4 a5 41. b5 Rc8 42. bxc6+ Rxc6 43. d5 exd5 44. Rxd5 Rxd5 45. Rxd5 Nf2 46.
Rd7+ Kc8 47. Rxg7 Ne4+ 48. Kd4 Rc7 49. Rxc7+ Kxc7 50. Kd5 Nc3+ 51. Ke6 Nxa4 52.
Kf7 Nc5 53. e6+ Kb7 54. e7 Nd3 55. Bh2 Nb2 56. e8=Q 1-0

[Event "DVM U16 2012"]
[Site "Naumburg (Saale) GER"]
[Date "2012.12.29"]
[Round "5"]
[White "Spindler, Florian"]
[Black "Elbracht, Michael"]
[Result "1-0"]
[Termination "normal"]
[Board "1.4"]
[WhiteElo "1616"]
[BlackElo "1600"]
[WhiteTeam "SG Porz"]
[BlackTeam "Hamburger SK von 1830"]
[WhiteFideId "12964387"]
[BlackFideId "12945595"]
[EventCountry "GER"]
[EventRounds "7"]
[EventType "team-swiss"]
[EventDate "2012.12.26"]

1. d4 Nf6 2. c4 g6 3. Nc3 Bg7 4. e4 d6 5. f4 O-O 6. Nf3 c5 7. d5 e6 8. Be2 exd5
9. cxd5 Re8 10. Nd2 a6 11. a4 Nbd7 12. O-O Rb8 13. Qc2 Nf8 14. h3 Bd7 15. Rb1
b5 16. axb5 axb5 17. Bf3 b4 18. Nd1 Bb5 19. Re1 N6d7 20. Be2 Bxe2 21. Rxe2 Nb6
22. Nc4 Nxc4 23. Qxc4 Nd7 24. b3 Nb6 25. Qd3 Qe7 26. Bb2 Bxb2 27. Nxb2 Qf6 28.
Qf3 Ra8 29. Nd1 Ra3 30. Qf1 Raa8 31. Qf3 Qe7 32. Qd3 Ra3 33. Qd2 Qf6 34. Nf2
Ra1 35. Rxa1 Qxa1+ 36. Kh2 Qf6 37. Ng4 Qd8 38. Qb2 Re7 39. Nh6+ 1-0

[Event "DVM U16 2012"]
[Site "Naumburg (Saale) GER"]
[Date "2012.12.29"]
[Round "5"]
[White "Oehne, Timo"]
[Black "Bohnert, Dominik"]
[Result "1-0"]
[Termination "normal"]
[Board "2.2"]
[WhiteElo "1934"]
[BlackElo "1956"]
[WhiteTeam "SV Lingen"]
[BlackTeam "SF Sasbach"]
[WhiteFideId "24661635"]
[BlackFideId "12918075"]
[EventCountry "GER"]
[EventRounds "7"]
[EventType "team-swiss"]
[EventDate "2012.12.26"]

1. e4 e5 2. f4 exf4 3. Nf3 Ne7 4. d4 d5 5. Bd3 dxe4 6. Bxe4 Nd5 7. Bxd5 Qxd5 8.
O-O Be7 9. Re1 Qd8 10. Qe2 Be6 11. c4 O-O 12. Bxf4 Bf6 13. Qf2 c6 14. Nbd2 Na6
15. a3 Rc8 16. Rac1 Bf5 17. Ne4 Bxe4 18. Rxe4 Nc7 19. Be5 Ne6 20. Rf1 Bxe5 21.
Rxe5 Qf6 22. Qe3 Qg6 23. d5 cxd5 24. cxd5 Nc5 25. Nh4 Qc2 26. Nf5 Nd3 27. Qg5
Qc5+ 28. Re3 g6 29. Ne7+ Kg7 30. Qf6+ 1-0

[Event "DVM U16 2012"]
[Site "Naumburg (Saale) GER"]
[Date "2012.12.29"]
[Round "5"]
[White "Vonhoff, Nils"]
[Black "Gubela, Hans-Erich Constantin"]
[Result "1-0"]
[Termination "normal"]
[Board "2.4"]
[WhiteElo "1786"]
[BlackElo "1789"]
[WhiteTeam "SV Lingen"]
[BlackTeam "SF Sasbach"]
[WhiteFideId "24692301"]
[BlackFideId "24692140"]
[EventCountry "GER"]
[EventRounds "7"]
[EventType "team-swiss"]
[EventDate "2012.12.26"]

1. e4 b6 2. d4 Bb7 3. Nd2 e6 4. Ngf3 c5 5. c3 Be7 6. Bd3 d6 7. O-O cxd4 8. cxd4
Nf6 9. Re1 O-O 10. b3 Nbd7 11. Bb2 Rc8 12. Qb1 h6 13. a3 Qc7 14. Qa2 Qb8 15.
Rad1 Rfd8 16. Qb1 Qa8 17. b4 Qb8 18. Kf1 Qa8 19. h3 Nf8 20. Ng1 N6d7 21. f3 Bh4
22. Re2 a6 23. Nb3 Qa7 24. Rc2 Rxc2 25. Bxc2 b5 26. Ne2 Nb6 27. Na5 Nc4 28.
Nxc4 bxc4 29. Qc1 d5 30. Qd2 Qb8 31. e5 Bc6 32. Bc3 f5 33. a4 Qc7 34. b5 axb5
35. axb5 Bxb5 36. Ba5 c3 37. Bxc7 cxd2 38. Bxd8 Bxd8 39. Rxd2 Bg5 40. Rd1 Be3
41. Bd3 Ba4 42. Ra1 Bb3 43. Rb1 Ba4 44. Ke1 Ng6 45. g3 Ne7 46. Rb4 Be8 47. Rb3
Nc6 48. Bxf5 Nxd4 49. Nxd4 Bxd4 50. Bxe6+ Kh7 51. f4 1-0

[Event "DVM U16 2012"]
[Site "Naumburg (Saale) GER"]
[Date "2012.12.29"]
[Round "5"]
[White "Carmesin, Matthias"]
[Black "Hobusch, Jan"]
[Result "0-1"]
[Termination "normal"]
[Board "3.1"]
[WhiteElo "1979"]
[BlackElo "2060"]
[WhiteTeam "Stader SV"]
[BlackTeam "SG Solingen"]
[WhiteFideId "4635965"]
[BlackFideId "12907634"]
[EventCountry "GER"]
[EventRounds "7"]
[EventType "team-swiss"]
[EventDate "2012.12.26"]

1. e4 c5 2. Nf3 d6 3. Bb5+ Bd7 4. Bxd7+ Qxd7 5. O-O Nc6 6. b3 Nf6 7. Re1 e6 8.
Bb2 Be7 9. c4 O-O 10. d4 cxd4 11. Nxd4 Nxd4 12. Qxd4 Rfd8 13. Nc3 a6 14. a4
Rac8 15. Rad1 Qc7 16. Ba3 Bf8 17. Rd3 d5 18. Rg3 e5 19. Qe3 Bxa3 20. Qg5 Ne8
21. Nxd5 Qd6 22. h4 Bc5 23. h5 h6 24. Qh4 a5 25. Rd1 Qe6 26. Rdd3 Kf8 27. Nc7
Qf6 28. Ne6+ Qxe6 29. Rxd8 Bxf2+ 30. Kxf2 Qb6+ 31. c5 Qxd8 0-1

[Event "DVM U16 2012"]
[Site "Naumburg (Saale) GER"]
[Date "2012.12.29"]
[Round "5"]
[White "Zolfagharian, Kevin"]
[Black "Vöge, Tobias"]
[Result "1/2-1/2"]
[Termination "normal"]
[Board "3.2"]
[WhiteElo "1981"]
[BlackElo "1846"]
[WhiteTeam "SG Solingen"]
[BlackTeam "Stader SV"]
[WhiteFideId "12933570"]
[BlackFideId "1270513"]
[EventCountry "GER"]
[EventRounds "7"]
[EventType "team-swiss"]
[EventDate "2012.12.26"]

1. e4 c5 2. Nf3 Nc6 3. d4 cxd4 4. Nxd4 g6 5. Nc3 Bg7 6. Be3 Nf6 7. Be2 O-O 8.
O-O d6 9. f3 Bd7 10. Qd2 Nxd4 11. Bxd4 Bc6 12. Rad1 a6 13. f4 e5 14. fxe5 dxe5
15. Bc5 Qxd2 16. Rxd2 Rfc8 17. Ba3 Nxe4 18. Nxe4 Bxe4 19. Rd7 f5 20. Bf3 Bxf3
21. Rxf3 b5 22. Rfd3 e4 23. R3d5 Re8 24. Re7 Rxe7 25. Bxe7 Re8 26. Bh4 g5 27.
Be1 Re5 28. Rd6 a5 29. Kf1 Bf8 30. Rd8 Kf7 31. Ke2 h5 32. h4 gxh4 33. Bxh4 f4
34. Rd4 Bh6 1/2-1/2

[Event "DVM U16 2012"]
[Site "Naumburg (Saale) GER"]
[Date "2012.12.29"]
[Round "5"]
[White "Vogt, Marc Jonas"]
[Black "Reksten, Daniel"]
[Result "1-0"]
[Termination "normal"]
[Board "3.3"]
[WhiteElo "1856"]
[BlackElo "1903"]
[WhiteTeam "Stader SV"]
[BlackTeam "SG Solingen"]
[WhiteFideId "24695661"]
[BlackFideId "24692590"]
[EventCountry "GER"]
[EventRounds "7"]
[EventType "team-swiss"]
[EventDate "2012.12.26"]

1. e4 c6 2. d4 d5 3. Nc3 dxe4 4. Nxe4 Bf5 5. Ng3 Bg6 6. Bc4 e6 7. N1e2 Bd6 8.
O-O Nf6 9. f4 O-O 10. f5 exf5 11. Nxf5 Bxf5 12. Rxf5 Qc7 13. Rxf6 gxf6 14. Bh6
Bxh2+ 15. Kh1 Nd7 16. g3 Bxg3 17. Qg1 Kh8 18. Bxf8 Rxf8 19. Qxg3 Qa5 20. Rg1
Qh5+ 21. Qh2 Qf3+ 22. Rg2 Rg8 23. Ng1 Qd1 24. Bd3 Nf8 25. Rxg8+ Kxg8 26. Qg3+
Ng6 27. Qf3 Qc1 28. b3 Kg7 29. a4 Qg5 30. Nh3 Qc1+ 31. Qf1 Qe3 32. Nf2 Qxd4 33.
Ne4 Qe5 34. Qf3 Qa1+ 35. Kh2 Qe5+ 36. Kg2 Qa1 37. Kh2 Qe5+ 38. Kg1 Qa1+ 39. Kf2
Qe5 40. Qg3 Qf5+ 41. Ke2 b5 42. axb5 cxb5 43. Nd6 Qe6+ 44. Kd2 a6 45. Nf5+ Kg8
46. Qh3 Qe5 47. Qh6 Qf4+ 48. Qxf4 Nxf4 49. Be4 b4 50. Nd4 h5 51. Nc6 Ne6 52.
Nxb4 Nc5 53. Bf5 a5 54. Nd3 1-0

[Event "DVM U16 2012"]
[Site "Naumburg (Saale) GER"]
[Date "2012.12.29"]
[Round "5"]
[White "Nguyen, Gia Huy Philipp"]
[Black "Hammann, Jonas"]
[Result "0-1"]
[Termination "normal"]
[Board "3.4"]
[WhiteElo "1450"]
[BlackElo "1491"]
[WhiteTeam "SG Solingen"]
[BlackTeam "Stader SV"]
[WhiteFideId "12933597"]
[BlackFideId "12930601"]
[EventCountry "GER"]
[EventRounds "7"]
[EventType "team-swiss"]
[EventDate "2012.12.26"]

1. e4 e6 2. Nf3 d5 3. Nc3 Nf6 4. e5 Nfd7 5. d4 c5 6. Bg5 Qb6 7. dxc5 Bxc5 8.
Qd2 Nc6 9. Na4 Bxf2+ 10. Qxf2 Qb4+ 11. c3 Qxa4 12. Be2 Ndxe5 13. Nxe5 Nxe5 14.
O-O f6 15. Bxf6 O-O 16. Qg3 Ng6 17. Bd4 Bd7 18. h4 e5 19. b3 Qc6 20. Be3 Qc7
21. Bf3 Bc6 22. h5 Nf4 23. Bc5 Rf6 24. Rad1 e4 25. Bg4 Ne2+ 26. Bxe2 Qxg3 27.
c4 Rxf1+ 28. Rxf1 e3 0-1

[Event "DVM U16 2012"]
[Site "Naumburg (Saale) GER"]
[Date "2012.12.29"]
[Round "5"]
[White "Noe, Christopher"]
[Black "Glatzel, Jonas"]
[Result "1-0"]
[Termination "normal"]
[Board "4.1"]
[WhiteElo "2197"]
[BlackElo "1909"]
[WhiteTeam "SC Eppingen"]
[BlackTeam "Königsspringer Iserlohn 1934"]
[WhiteFideId "24692018"]
[BlackFideId "12937800"]
[EventCountry "GER"]
[EventRounds "7"]
[EventType "team-swiss"]
[EventDate "2012.12.26"]

1. c4 Nf6 2. Nc3 g6 3. d4 Bg7 4. Nf3 d6 5. h3 O-O 6. Bf4 Nc6 7. e3 Qe8 8. Be2
e5 9. Bh2 a6 10. O-O Nd7 11. a3 f5 12. b4 Kh8 13. Rc1 f4 14. Nd5 Qd8 15. dxe5
Ndxe5 16. Nxe5 dxe5 17. exf4 e4 18. f5 Bxf5 19. Bxc7 Qc8 20. Bg3 Rd8 21. Qb3
Nd4 22. Qe3 Qc6 23. Bg4 Rf8 24. Rfd1 Ne6 25. Ne7 Qe8 26. Bd6 Rf7 27. Nxf5 1-0

[Event "DVM U16 2012"]
[Site "Naumburg (Saale) GER"]
[Date "2012.12.29"]
[Round "5"]
[White "Bay, Nicolai"]
[Black "von Bargen, Lukas"]
[Result "1/2-1/2"]
[Termination "normal"]
[Board "4.3"]
[WhiteElo "1688"]
[BlackElo "1661"]
[WhiteTeam "SC Eppingen"]
[BlackTeam "Königsspringer Iserlohn 1934"]
[WhiteFideId "12927619"]
[BlackFideId "12946141"]
[EventCountry "GER"]
[EventRounds "7"]
[EventType "team-swiss"]
[EventDate "2012.12.26"]

1. e4 c5 2. c3 g6 3. d4 cxd4 4. cxd4 d5 5. e5 Nc6 6. Nc3 Bg7 7. Nf3 Bg4 8. Be2
e6 9. Be3 Nh6 10. O-O O-O 11. Qb3 Bxf3 12. Bxf3 Nf5 13. Ne2 Qe7 14. Rac1 Na5
15. Qc2 Nxe3 16. fxe3 Nc4 17. Qc3 Bh6 18. Nf4 Rfc8 19. b3 Nb6 20. Qb2 Qb4 21.
a3 Qe7 22. Be2 a5 23. Bb5 Bxf4 24. exf4 Qh4 25. g3 Qh3 26. Rxc8+ Rxc8 27. Rc1
Rxc1+ 28. Qxc1 Qg4 29. Qc7 Qd1+ 30. Kg2 Qxd4 31. Qd8+ Kg7 32. Qf6+ Kg8 1/2-1/2

[Event "DVM U16 2012"]
[Site "Naumburg (Saale) GER"]
[Date "2012.12.29"]
[Round "5"]
[White "Oshionwu, Nelo"]
[Black "Knopf, Felix"]
[Result "1-0"]
[Termination "normal"]
[Board "5.1"]
[WhiteElo "1887"]
[BlackElo "1853"]
[WhiteTeam "KSV Rochade Göttingen"]
[BlackTeam "SV Merseburg"]
[WhiteFideId "12913405"]
[BlackFideId "24692204"]
[EventCountry "GER"]
[EventRounds "7"]
[EventType "team-swiss"]
[EventDate "2012.12.26"]

1. e4 c5 2. c3 Nf6 3. e5 Nd5 4. d4 cxd4 5. cxd4 e6 6. Nc3 Nxc3 7. bxc3 d6 8.
Nf3 Qc7 9. Qd3 Nd7 10. exd6 Bxd6 11. Be2 O-O 12. O-O b6 13. Bd1 Re8 14. Bc2 Nf8
15. h4 Bb7 16. Ng5 h6 17. Nh7 Ng6 18. h5 Nh4 19. f3 Bh2+ 20. Kh1 Qg3 21. Nf6+
gxf6 22. Qh7+ Kf8 23. Ba3+ Re7 24. Qh8+ Qg8 25. Qxg8+ Kxg8 26. Bxe7 Bg3 27. Be4
Re8 28. Bxf6 Ba6 29. Rfd1 Nf5 30. Bxf5 exf5 31. d5 Be2 32. d6 Bxd1 33. Rxd1
Bxd6 34. Rxd6 Kh7 35. Rd8 Rxd8 36. Bxd8 Kg7 37. Kh2 f6 38. Kg3 Kf7 39. Kf4 Ke6
40. c4 1-0

[Event "DVM U16 2012"]
[Site "Naumburg (Saale) GER"]
[Date "2012.12.29"]
[Round "5"]
[White "Feuerherdt, Martin"]
[Black "Rosin, Julius"]
[Result "1/2-1/2"]
[Termination "normal"]
[Board "5.2"]
[WhiteElo "1803"]
[BlackElo "1840"]
[WhiteTeam "SV Merseburg"]
[BlackTeam "KSV Rochade Göttingen"]
[WhiteFideId "12910341"]
[BlackFideId "12909610"]
[EventCountry "GER"]
[EventRounds "7"]
[EventType "team-swiss"]
[EventDate "2012.12.26"]

1. e4 e5 2. Nf3 Nf6 3. Nc3 Nc6 4. Bb5 Nd4 5. d3 Nxb5 6. Nxb5 d6 7. h3 Be7 8.
O-O O-O 9. Nc3 Be6 10. Ng5 Bd7 11. f4 exf4 12. Bxf4 Ne8 13. Qd2 f5 14. Nd5 fxe4
15. Nxe7+ Qxe7 16. Nxe4 Nf6 17. Nc3 Bc6 18. Rae1 Qd7 19. Ne2 Nd5 20. Bh2 Rxf1+
21. Rxf1 b6 22. Nd4 Bb7 23. c4 Nf6 24. Qg5 Rf8 25. Bg3 h6 26. Qg6 Qe8 1/2-1/2

[Event "DVM U16 2012"]
[Site "Naumburg (Saale) GER"]
[Date "2012.12.29"]
[Round "5"]
[White "Drehwald, Manuel"]
[Black "Hoffmann, Dustin"]
[Result "0-1"]
[Termination "normal"]
[Board "5.3"]
[WhiteElo "1799"]
[BlackElo "1706"]
[WhiteTeam "KSV Rochade Göttingen"]
[BlackTeam "SV Merseburg"]
[WhiteFideId "12934330"]
[BlackFideId "1270566"]
[EventCountry "GER"]
[EventRounds "7"]
[EventType "team-swiss"]
[EventDate "2012.12.26"]

1. e4 c5 2. Nc3 Nc6 3. f4 g6 4. Nf3 Bg7 5. g3 d6 6. Bg2 Nf6 7. O-O O-O 8. d3 a6
9. a4 Rb8 10. Rb1 b5 11. axb5 axb5 12. Bd2 Qb6 13. Be3 Ng4 14. Bf2 Nxf2 15.
Rxf2 Nd4 16. Kh1 Bg4 17. Nd5 Qb7 18. Ne3 Bxf3 19. Bxf3 Nxf3 20. Qxf3 e6 21.
Rff1 Ra8 22. Rfc1 Ra2 23. Nd1 b4 24. Qe3 d5 25. Qe1 Rd8 26. c3 dxe4 27. dxe4 e5
28. cxb4 cxb4 29. Rc4 b3 30. Rb4 Qc6 31. Nc3 Ra7 32. Rxb3 exf4 33. gxf4 Rad7
34. Rb4 Rd2 35. Rc1 Qd6 36. Nd5 Rxb2 37. Rxb2 Bxb2 38. Rd1 Qe6 39. Rb1 Bg7 40.
Rb6 Qh3 41. Qd1 h5 42. Rb3 Qe6 43. Qb1 Bd4 44. Rb4 Rxd5 45. f5 Qd6 46. Rb8+ Kg7
47. f6+ Qxf6 48. Qd1 Rg5 49. e5 0-1

[Event "DVM U16 2012"]
[Site "Naumburg (Saale) GER"]
[Date "2012.12.29"]
[Round "5"]
[White "Jacob, Hannes"]
[Black "Hartogh, Christian"]
[Result "1-0"]
[Termination "normal"]
[Board "5.4"]
[WhiteElo "1659"]
[BlackElo "1706"]
[WhiteTeam "SV Merseburg"]
[BlackTeam "KSV Rochade Göttingen"]
[WhiteFideId "12910350"]
[BlackFideId "12949256"]
[EventCountry "GER"]
[EventRounds "7"]
[EventType "team-swiss"]
[EventDate "2012.12.26"]

1. e4 e5 2. Nf3 Nc6 3. Bc4 Nf6 4. d3 d6 5. c3 Be6 6. Bxe6 fxe6 7. Qb3 Qc8 8.
Ng5 d5 9. exd5 exd5 10. Be3 h6 11. Nf3 Qd7 12. d4 Na5 13. Qc2 e4 14. Ne5 Qf5
15. Qa4+ Nc6 16. Qb5 Qc8 17. Nxc6 a6 18. Qe2 bxc6 19. Nd2 Bd6 20. c4 O-O 21. c5
Be7 22. h3 Nd7 23. Qg4 Kh7 24. Qe6 Bd8 25. Qxc6 Nf6 26. Bf4 Rb8 27. Nb3 Rb5 28.
Be5 Re8 29. Bxf6 Bxf6 30. Qxd5 e3 31. O-O c6 32. Qf3 exf2+ 33. Qxf2 Kh8 34.
Rae1 Rd8 35. Re4 Qd7 36. Qe3 a5 37. Rxf6 gxf6 38. Qxh6+ Kg8 39. Rg4+ Kf7 40.
Rg7+ Ke6 41. Rxd7 Rxd7 42. Qe3+ Kf7 43. a4 Rb8 44. Nxa5 Rxb2 45. Nxc6 Rdb7 46.
Nd8+ 1-0

[Event "DVM U16 2012"]
[Site "Naumburg (Saale) GER"]
[Date "2012.12.29"]
[Round "5"]
[White "Katz, Leo"]
[Black "Xiong, Ferdinand"]
[Result "1/2-1/2"]
[Termination "normal"]
[Board "6.1"]
[WhiteElo "1863"]
[BlackElo "2002"]
[WhiteTeam "OSG Baden-Baden"]
[BlackTeam "SC Vaterstetten"]
[WhiteFideId "12918458"]
[BlackFideId "24654132"]
[EventCountry "GER"]
[EventRounds "7"]
[EventType "team-swiss"]
[EventDate "2012.12.26"]

1. d4 Nf6 2. Nf3 g6 3. Bf4 Bg7 4. h3 d6 5. e3 O-O 6. Nbd2 Nbd7 7. Bc4 c5 8. c3
a6 9. a4 b6 10. O-O Bb7 11. Qe2 Re8 12. Ng5 d5 13. Ba2 e5 14. dxe5 Nxe5 15.
Bxe5 Rxe5 16. Ngf3 Re7 17. Qd3 Qf8 18. Qc2 Ne4 19. Nxe4 dxe4 20. Nd2 Rd8 21.
Rfd1 Red7 22. Nc4 b5 23. Na5 Ba8 24. Rxd7 Rxd7 25. Rd1 Qd8 26. Rxd7 Qxd7 27.
Nb3 Qd6 28. axb5 axb5 29. Qd2 Qxd2 30. Nxd2 c4 31. Bb1 f5 32. g4 Kf7 33. Kg2
Ke6 34. f4 Bd5 35. Bc2 Kd6 36. Kf2 Kc5 37. Ke2 b4 38. Nb1 Kb5 39. Kd2 Ka5 40.
Kc1 fxg4 41. hxg4 h5 42. gxh5 gxh5 43. Bd1 h4 44. Bg4 Kb5 45. Kc2 Kc5 46. Nd2
Bc6 47. Bf5 Ba4+ 48. Kc1 bxc3 1/2-1/2

[Event "DVM U16 2012"]
[Site "Naumburg (Saale) GER"]
[Date "2012.12.29"]
[Round "5"]
[White "Nitsche-Hahn, Raphael"]
[Black "Becker, Dirk"]
[Result "1-0"]
[Termination "normal"]
[Board "6.2"]
[WhiteElo "1927"]
[BlackElo "1813"]
[WhiteTeam "SC Vaterstetten"]
[BlackTeam "OSG Baden-Baden"]
[WhiteFideId "4613120"]
[BlackFideId "12938564"]
[EventCountry "GER"]
[EventRounds "7"]
[EventType "team-swiss"]
[EventDate "2012.12.26"]

1. d4 Nf6 2. Nf3 e6 3. e3 c5 4. Bd3 b6 5. O-O Bb7 6. Nbd2 Be7 7. dxc5 bxc5 8.
b3 O-O 9. Bb2 d6 10. c4 Nc6 11. Rc1 Qc7 12. Qe2 Rfd8 13. Rfd1 Rac8 14. Bb1 Nb8
15. Nf1 Nbd7 16. Ng3 Nf8 17. Rd2 a5 18. Bc3 Bc6 19. Ng5 a4 20. N5e4 Nxe4 21.
Nxe4 axb3 22. axb3 Qb7 23. Qg4 Ng6 24. Ng5 Bxg5 25. Qxg5 Be4 26. Bxe4 Qxe4 27.
Rcd1 Qc6 28. h4 f6 29. Qg4 d5 30. h5 Ne5 31. Qg3 Rd7 32. f4 Nf7 33. Bxf6 Nh6
34. cxd5 exd5 35. Rxd5 Nf5 36. Qf3 Rxd5 37. Qxd5+ Qxd5 38. Rxd5 Nxe3 39. Rg5
Kf7 40. Bxg7 c4 41. bxc4 Nxc4 42. Be5 Rg8 43. Rxg8 Kxg8 44. Kf2 Kf7 45. Bc3 Nd6
46. Kf3 Ke6 47. g4 Kf7 48. Bb4 Ne8 49. g5 Ke6 50. Kg4 Ng7 51. Bc5 Nf5 52. h6
Kf7 53. Kxf5 Kg8 1-0

[Event "DVM U16 2012"]
[Site "Naumburg (Saale) GER"]
[Date "2012.12.29"]
[Round "5"]
[White "Steimbach, Isabel"]
[Black "Schackmann, Oliver"]
[Result "0-1"]
[Termination "normal"]
[Board "6.3"]
[WhiteElo "1761"]
[BlackElo "1908"]
[WhiteTeam "OSG Baden-Baden"]
[BlackTeam "SC Vaterstetten"]
[WhiteFideId "24692174"]
[BlackFideId "12905267"]
[EventCountry "GER"]
[EventRounds "7"]
[EventType "team-swiss"]
[EventDate "2012.12.26"]

1. e4 e5 2. Nf3 Nc6 3. Nc3 Nf6 4. a3 Be7 5. d4 exd4 6. Nxd4 O-O 7. Be2 d6 8.
O-O h6 9. h3 Re8 10. f4 Bd7 11. Be3 Bf8 12. Qd3 Nxd4 13. Bxd4 Bc6 14. Bf3 Nd7
15. Rae1 g6 16. e5 dxe5 17. fxe5 Nc5 18. Qc4 Bxf3 19. Rxf3 Ne6 20. Rd1 Qc8 21.
Nd5 Be7 22. Be3 h5 23. Rdf1 c6 24. Nxe7+ Rxe7 25. Qh4 Rd7 26. Qf2 Qf8 27. Bxa7
c5 28. Bb6 Ra6 29. Rb3 Nd4 30. Bxc5 Qxc5 31. Rc3 Ne2+ 32. Kh1 Qxf2 33. Rc8+ Kg7
34. Rxf2 Ng3+ 35. Kh2 Nf5 36. Re2 Nd4 37. Re4 Rc6 38. Rxc6 Nxc6 39. c3 Re7 40.
Re2 Nxe5 41. Kg3 h4+ 42. Kf2 Nd3+ 43. Kf3 Rxe2 44. Kxe2 Nxb2 45. Kf3 b5 46. Ke4
Nc4 47. Kd4 Nxa3 48. Kc5 Nb1 49. Kb4 Kf6 50. Kb3 Kf5 51. Kc2 Nxc3 0-1

[Event "DVM U16 2012"]
[Site "Naumburg (Saale) GER"]
[Date "2012.12.29"]
[Round "5"]
[White "Frenkel, Maxim"]
[Black "Weis, Olga"]
[Result "1/2-1/2"]
[Termination "normal"]
[Board "6.4"]
[WhiteElo "1859"]
[BlackElo "1662"]
[WhiteTeam "SC Vaterstetten"]
[BlackTeam "OSG Baden-Baden"]
[WhiteFideId "4620909"]
[BlackFideId "1270234"]
[EventCountry "GER"]
[EventRounds "7"]
[EventType "team-swiss"]
[EventDate "2012.12.26"]

1. d4 d5 2. Nf3 Nf6 3. c4 c6 4. Nc3 Bf5 5. Bf4 e6 6. e3 Bd6 7. Bxd6 Qxd6 8. Be2
O-O 9. a3 Nbd7 10. O-O dxc4 11. Bxc4 Bg4 12. Be2 Nd5 13. Nd2 Bxe2 14. Qxe2 Rac8
15. Nce4 Qc7 16. b4 e5 17. Nb3 exd4 18. Nxd4 Rfe8 19. Nd2 Qe5 20. Nc4 Qf6 21.
Qf3 Qd8 22. Nf5 Re6 23. e4 N5b6 24. Qe2 Nxc4 25. Qxc4 Nf6 26. f3 Qb6+ 27. Kh1
Rd8 28. Rfd1 g6 29. Rxd8+ Qxd8 30. Ne3 Qd2 31. Qb3 Rd6 32. Nc4 Qd4 33. Rb1 Rd7
34. h3 Nh5 35. Ne3 Ng3+ 36. Kh2 Qe5 37. Ng4 Qf4 38. Rb2 Nxe4+ 39. Kg1 Nd2 40.
Qc3 Qd4+ 41. Qxd4 Rxd4 1/2-1/2

[Event "DVM U16 2012"]
[Site "Naumburg (Saale) GER"]
[Date "2012.12.29"]
[Round "5"]
[White "Simanowski, Mio"]
[Black "Richter, Leonard"]
[Result "0-1"]
[Termination "normal"]
[Board "7.1"]
[WhiteElo "1893"]
[BlackElo "1926"]
[WhiteTeam "SV Mülheim-Nord 1931"]
[BlackTeam "BSG Grün-Weiß Leipzig"]
[WhiteFideId "24687154"]
[BlackFideId "12900290"]
[EventCountry "GER"]
[EventRounds "7"]
[EventType "team-swiss"]
[EventDate "2012.12.26"]

1. e4 c5 2. Nf3 d6 3. d4 cxd4 4. Qxd4 Nc6 5. Bb5 Bd7 6. Bxc6 Bxc6 7. c4 Nf6 8.
Nc3 e6 9. Bg5 Be7 10. O-O O-O 11. Rad1 Qa5 12. Qe3 Rad8 13. h3 h6 14. Bh4 Rfe8
15. Bg3 d5 16. cxd5 exd5 17. e5 Bc5 18. Qd2 Nh5 19. Bh4 Rd7 20. g4 d4 21. Ne4
Bb4 22. Qc2 d3 23. Qc4 Nf4 24. Nf6+ gxf6 25. Qxf4 fxe5 26. Qxh6 Bf8 27. Qg5+
Bg7 28. Ne1 d2 29. Nc2 Qd5 30. f3 Qc5+ 31. Ne3 f6 32. Qg6 Qxe3+ 33. Bf2 Qxf3
34. Qxe8+ Bf8 35. Qe6+ Kh8 36. Qxf6+ Qxf6 37. Be3 Bf3 38. Bxd2 Bc5+ 39. Kh2
Rxd2+ 0-1